[Event "Olympiad-33"]
[Site "Elista"]
[Date "1998.10.10"]
[Round "11.1"]
[White "Dyce, Andrew"]
[Black "Mikuev, Erenzen"]
[Result "1-0"]
[WhiteElo "2295"]
[BlackElo "2145"]
[PlyCount "99"]
[EventDate "1998.09.29"]
[EventType "team-swiss"]
[EventRounds "13"]
[EventCountry "RUS"]
[SourceTitle "CBM 068"]
[Source "ChessBase"]
[SourceDate "1999.02.01"]
[SourceVersion "1"]
[SourceVersionDate "1999.02.01"]
[SourceQuality "1"]
[WhiteTeam "Wales"]
[BlackTeam "Russia IV"]
[WhiteTeamCountry "WLS"]
[BlackTeamCountry "RUS"]

1. e4 c5 2. Nf3 e6 3. d3 Nc6 4. g3 d5 5. Nbd2 g5 6. exd5 exd5 7. Qe2+ Be6 8. Bh3 Qe7 9. Bxe6 fxe6 10. Nb3 h6 11. h4 g4 12. Ne5 Nxe5 13. Qxe5 Nf6 14. Nxc5 b6 15. Nb3 Bg7 16. Bf4 0-0 17. 0-0 Rac8 18. Nd4 Rfe8 19. Rfe1 Qf7 20. Qe2 Qg6 21. Be5 Nd7 22. Bxg7 Qxg7 23. c3 Qg6 24. h5 Qxh5 25. Nxe6 Rc6 26. Nf4 Rxe2 27. Nxh5 Rxb2 28. Re8+ Kf7 29. Rae1 Rb1 30. Nf4 Rxe1+ 31. Rxe1 Nf6 32. Rc1 d4 33. c4 b5 34. Ne2 bxc4 35. Nxd4 Ra6 36. dxc4 Rxa2 37. c5 Ke8 38. c6 Nd5 39. c7 Nb6 40. c8Q+ Nxc8 41. Rxc8+ Kd7 42. Rh8 a5 43. Rxh6 a4 44. Ra6 Kc7 45. Nb5+ Kb7 46. Rg6 Rb2 47. Rxg4 Rxb5 48. Rxa4 Kc7 49. Rd4 Rb2 50. Kg2 1-0

[Event "Olympiad-33"]
[Site "Elista"]
[Date "1998.10.09"]
[Round "10.2"]
[White "Dyce, Andrew"]
[Black "Danner, Georg"]
[Result "0-1"]
[WhiteElo "2295"]
[BlackElo "2340"]
[PlyCount "112"]
[EventDate "1998.09.29"]
[EventType "team-swiss"]
[EventRounds "13"]
[EventCountry "RUS"]
[SourceTitle "CBM 068"]
[Source "ChessBase"]
[SourceDate "1999.02.01"]
[SourceVersion "1"]
[SourceVersionDate "1999.02.01"]
[SourceQuality "1"]
[WhiteTeam "Wales"]
[BlackTeam "Austria"]
[WhiteTeamCountry "WLS"]
[BlackTeamCountry "AUT"]

1. e4 c5 2. Nf3 d6 3. d4 Nf6 4. Nc3 cxd4 5. Nxd4 a6 6. Be2 e5 7. Nb3 Be7 8. 0-0 0-0 9. Kh1 Be6 10. f4 exf4 11. Bxf4 Nc6 12. Qe1 Ne5 13. Rd1 Qc7 14. Qg3 Rfe8 15. Nd4 Rac8 16. Bg5 Qd8 17. Nf5 Bxf5 18. Rxf5 Ned7 19. Bxf6 Bxf6 20. Rxd6 Bxc3 21. bxc3 Qe7 22. Rd4 Ne5 23. Bd3 b5 24. a4 Rc5 25. h3 bxa4 26. Rxa4 a5 27. Qf2 g6 28. Rf4 Rec8 29. Qe2 Qc7 30. Rf1 Rxc3 31. Rfa1 Rc5 32. Qd2 Nc6 33. Bc4 Ne5 34. Bb3 Rd8 35. Qf4 Rd7 36. Qe3 Kg7 37. Qe1 Nc6 38. Rc4 Rxc4 39. Bxc4 Qe5 40. Rd1 Rxd1 41. Qxd1 Qxe4 42. Qa1+ Qe5 43. Qa4 Qe1+ 44. Kh2 Ne5 45. Bd5 Qc3 46. Qe4 Nd7 47. Qe8 Qc7+ 48. Kh1 Nf6 49. Qc6 Qxc6 50. Bxc6 Kf8 51. Kg1 Ke7 52. Kf2 Kd6 53. Ba4 Nd5 54. Bb3 f6 55. Kf3 Ke5 56. c4 Nc3 0-1

[Event "Olympiad-33"]
[Site "Elista"]
[Date "1998.10.02"]
[Round "4.2"]
[White "Dyce, Andrew"]
[Black "Nilssen, John Arni"]
[Result "0-1"]
[WhiteElo "2295"]
[BlackElo "2305"]
[PlyCount "68"]
[EventDate "1998.09.29"]
[EventType "team-swiss"]
[EventRounds "13"]
[EventCountry "RUS"]
[SourceTitle "CBM 068"]
[Source "ChessBase"]
[SourceDate "1999.02.01"]
[SourceVersion "1"]
[SourceVersionDate "1999.02.01"]
[SourceQuality "1"]
[WhiteTeam "Wales"]
[BlackTeam "Faroe Islands"]
[WhiteTeamCountry "WLS"]
[BlackTeamCountry "FAI"]

1. e4 c5 2. Nf3 Nc6 3. Bb5 g6 4. Bxc6 dxc6 5. d3 Bg7 6. h3 Nf6 7. Nc3 Nd7 8. Be3 e5 9. Qd2 Qe7 10. Bh6 f6 11. 0-0-0 Nf8 12. Bxg7 Qxg7 13. g4 Be6 14. Nh2 g5 15. Nf1 h5 16. Ne3 0-0-0 17. Nf5 Qf7 18. h4 gxh4 19. Rxh4 Ng6 20. Rxh5 Rxh5 21. gxh5 Nf4 22. Rh1 Bxf5 23. exf5 c4 24. h6 cxd3 25. cxd3 Qh7 26. Ne4 Nxd3+ 27. Kb1 Qxf5 28. h7 Qxe4 29. h8Q Nxf2+ 30. Kc1 Nd3+ 31. Kc2 Nc5+ 32. Kc1 Nd3+ 33. Kc2 Qc4+ 34. Qc3 Nb4+ 0-1

[Event "BCF-ch 85th"]
[Site "Torquay"]
[Date "1998.08.03"]
[Round "7"]
[White "Wismayer, Clive R"]
[Black "Dyce, Andrew"]
[Result "0-1"]
[WhiteElo "2140"]
[BlackElo "2230"]
[PlyCount "116"]
[EventDate "1998.08.??"]
[EventType "swiss"]
[EventRounds "11"]
[EventCountry "ENG"]
[SourceTitle "CBM 066 Extra"]
[Source "ChessBase"]
[SourceDate "1998.11.06"]
[SourceVersion "1"]
[SourceVersionDate "1998.11.06"]
[SourceQuality "1"]

1. e4 c6 2. d4 d5 3. e5 c5 4. c3 Nc6 5. Be3 Nh6 6. Be2 Nf5 7. Nf3 cxd4 8. cxd4 Qb6 9. Nc3 e6 10. 0-0 Be7 11. Na4 Qa5 12. a3 g5 13. b4 Qd8 14. Nc5 a5 15. b5 Nb8 16. Qd2 Rg8 17. g4 Nxe3 18. Qxe3 Nd7 19. Rac1 Nf8 20. Rc2 Ng6 21. Rfc1 Nf4 22. Bf1 h5 23. h3 hxg4 24. hxg4 Rh8 25. Ne1 Kf8 26. f3 Kg7 27. Rh2 Rxh2 28. Kxh2 Qh8+ 29. Kg1 Nh3+ 30. Bxh3 Qxh3 31. a4 b6 32. Ncd3 Bd7 33. Rc7 Rh8 34. Nf2 Qg3+ 35. Kf1 Rd8 36. Ned3 Kg6 37. Nc5 bxc5 38. dxc5 Rc8 39. Rxc8 Bxc8 40. c6 f6 41. Qa7 Bb4 42. exf6 Kxf6 43. Qh7 Bc5 44. Qh6+ Kf7 45. Qh7+ Kf8 46. Qh6+ Ke8 47. Qg6+ Kd8 48. Qxg5+ Kc7 49. Qd2 Qxf3 50. Qxa5+ Bb6 51. Qd2 e5 52. g5 Bf5 53. Ke1 Qxf2+ 54. Qxf2 Bxf2+ 55. Kxf2 Bc2 56. Ke1 d4 57. a5 Bd3 58. g6 Bxb5 0-1

[Event "Sas van Gent ECI op U20 25th"]
[Site "Sas van Gent"]
[Date "1998.??.??"]
[Round "7"]
[White "Dyce, Andrew"]
[Black "Hindermann, Felix"]
[Result "1-0"]
[WhiteElo "2295"]
[BlackElo "2245"]
[PlyCount "85"]
[EventDate "1998.08.??"]
[EventType "swiss"]
[EventRounds "9"]
[EventCountry "NED"]
[SourceTitle "EXT 1999"]
[Source "ChessBase"]
[SourceDate "1998.11.16"]
[SourceVersion "1"]
[SourceVersionDate "1998.11.16"]
[SourceQuality "1"]

1. e4 Nf6 2. e5 Nd5 3. d4 d6 4. Nf3 dxe5 5. Nxe5 g6 6. Bc4 c6 7. Qf3 Be6 8. Nc3 Nd7 9. Bd2 Bg7 10. Nxd5 Nxe5 11. dxe5 Bxd5 12. Bxd5 Qxd5 13. Qxd5 cxd5 14. Bc3 e6 15. 0-0-0 Rc8 16. Rhe1 0-0 17. Kb1 Rc4 18. Bd4 b6 19. c3 Rfc8 20. f4 Bf8 21. Re2 R4c6 22. g4 Bc5 23. f5 Bxd4 24. Rxd4 Rc4 25. f6 b5 26. Red2 Kf8 27. g5 Rxd4 28. cxd4 Ke8 29. Rd3 Kd7 30. Rh3 Rh8 31. Kc2 a5 32. a3 Rc8+ 33. Kd2 Rh8 34. Ke3 Ke8 35. Kf4 Kd7 36. Kg4 Kc7 37. Rh6 Kd7 38. h4 Ke8 39. h5 Kf8 40. hxg6 fxg6 41. Rh3 Kf7 42. Rc3 Rb8 43. Rc7+ 1-0

[Event "South Wales Masters 1st"]
[Site "Newport"]
[Date "1998.??.??"]
[Round "9"]
[White "Dyce, Andrew"]
[Black "Turner, Matthew"]
[Result "1/2-1/2"]
[WhiteElo "2230"]
[BlackElo "2470"]
[PlyCount "78"]
[EventDate "1998.??.??"]
[EventType "tourn"]
[EventRounds "9"]
[EventCountry "WLS"]
[EventCategory "4"]
[SourceTitle "EXT 2000"]
[Source "ChessBase"]
[SourceDate "1999.11.16"]
[SourceVersion "1"]
[SourceVersionDate "1999.11.16"]
[SourceQuality "1"]

1. e4 c5 2. Nf3 g6 3. c3 Bg7 4. d4 cxd4 5. cxd4 d6 6. Bb5+ Bd7 7. Bxd7+ Qxd7 8. Nc3 Nf6 9. 0-0 0-0 10. Qe2 Nc6 11. Rd1 Rfd8 12. h3 Rac8 13. Bg5 h6 14. Be3 d5 15. Ne5 Qe6 16. Nxc6 Rxc6 17. e5 Ne4 18. Rac1 Nxc3 19. Rxc3 Rxc3 20. bxc3 Qc6 21. Qb2 e6 22. Rb1 b6 23. Bd2 Rc8 24. Qb5 Qxb5 25. Rxb5 Rc4 26. Kf1 Kf8 27. Rb4 Ke8 28. Ke2 Bf8 29. Rb2 Kd7 30. Kd3 Kc6 31. g4 b5 32. f4 a5 33. g5 h5 34. Rc2 Ra4 35. Be3 Kb6 36. Bc1 Rc4 37. Bd2 b4 38. cxb4 Bxb4 39. a4 Rxc2 1/2-1/2

[Event "BCF-ch 85th"]
[Site "Torquay"]
[Date "1998.??.??"]
[Round "2"]
[White "Morrison, Chris"]
[Black "Dyce, Andrew"]
[Result "0-1"]
[WhiteElo "2200"]
[BlackElo "2230"]
[PlyCount "78"]
[EventDate "1998.08.??"]
[EventType "swiss"]
[EventRounds "11"]
[EventCountry "ENG"]
[SourceTitle "CBM 066 Extra"]
[Source "ChessBase"]
[SourceDate "1998.11.06"]
[SourceVersion "1"]
[SourceVersionDate "1998.11.06"]
[SourceQuality "1"]

1. e4 c6 2. d3 d5 3. Nd2 e5 4. Ngf3 Bd6 5. g3 f5 6. Bg2 Nf6 7. 0-0 0-0 8. d4 fxe4 9. Nxe5 Bxe5 10. dxe5 Ng4 11. Qe2 Nxe5 12. h3 Nf3+ 13. Nxf3 exf3 14. Bxf3 Bxh3 15. Bg2 Bxg2 16. Kxg2 Qf6 17. Be3 Nd7 18. c3 Rae8 19. Qh5 Qf5 20. Qxf5 Rxf5 21. a4 c5 22. Rfd1 b6 23. a5 Nf6 24. axb6 axb6 25. Ra6 Ng4 26. Bf4 g5 27. f3 Nf6 28. Bd2 Re2+ 29. Kf1 Re6 30. Kg2 g4 31. f4 Ne4 32. Re1 Rh6 33. Be3 Rh3 34. Rxb6 Rfh5 35. Rb8+ Kf7 36. Rb7+ Kf6 37. Rb6+ Kf5 38. Bg1 Rxg3+ 39. Kf1 Rh1 0-1

[Event "Sas van Gent ECI op U20 25th"]
[Site "Sas van Gent"]
[Date "1998.??.??"]
[Round "4"]
[White "Solleveld, Maarten"]
[Black "Dyce, Andrew"]
[Result "1-0"]
[WhiteElo "2295"]
[BlackElo "2295"]
[PlyCount "133"]
[EventDate "1998.08.??"]
[EventType "swiss"]
[EventRounds "9"]
[EventCountry "NED"]
[SourceTitle "EXT 1999"]
[Source "ChessBase"]
[SourceDate "1998.11.16"]
[SourceVersion "1"]
[SourceVersionDate "1998.11.16"]
[SourceQuality "1"]

1. e4 c6 2. d4 d5 3. exd5 cxd5 4. c4 Nf6 5. Nc3 g6 6. Qb3 Bg7 7. cxd5 0-0 8. Be2 Nbd7 9. Bf3 Nb6 10. Nge2 Bg4 11. Bxg4 Nxg4 12. Bf4 Nf6 13. d6 exd6 14. 0-0 Re8 15. Rfe1 Qd7 16. Rad1 Nh5 17. Bc1 Rac8 18. Nb5 Qe6 19. Qxe6 Rxe6 20. Nec3 Rce8 21. Rf1 R6e7 22. Nxa7 d5 23. Nab5 Nf6 24. b3 Ne4 25. Nxe4 dxe4 26. d5 Rd7 27. d6 Nc8 28. a4 Be5 29. Ba3 Red8 30. Rd5 f6 31. Re1 Kf7 32. Rxe4 Nxd6 33. Nxd6+ Bxd6 34. Bxd6 Rxd6 35. Rxd6 Rxd6 36. Kf1 f5 37. Rb4 b6 38. Ke2 Kf6 39. Ke3 g5 40. Rd4 Rc6 41. b4 Ke5 42. a5 bxa5 43. bxa5 Ra6 44. Ra4 h6 45. f4+ Kd5 46. fxg5 hxg5 47. g3 Ke5 48. h4 g4 49. Ra3 Ke6 50. Kf4 Kf6 51. Ra4 Rc6 52. Rb4 Rc5 53. Rb6+ Kg7 54. a6 Ra5 55. Kg5 f4+ 56. Kxf4 Ra4+ 57. Kg5 Ra5+ 58. Kxg4 Ra4+ 59. Kh3 Ra5 60. g4 Ra3+ 61. Kg2 Ra2+ 62. Kf3 Ra3+ 63. Kf4 Ra4+ 64. Kf5 Ra5+ 65. Ke6 Kh6 66. Kd7+ Kh7 67. Kc7 1-0

[Event "BCF-chT 9798 (4NCL)"]
[Site "England"]
[Date "1997.11.22"]
[Round "3.7"]
[White "Dyce, Andrew"]
[Black "Abayasekera, Roger"]
[Result "1-0"]
[WhiteElo "2150"]
[BlackElo "2230"]
[PlyCount "127"]
[EventDate "1997.11.??"]
[EventType "team-tourn"]
[EventRounds "11"]
[EventCountry "ENG"]
[SourceTitle "CBM 064 Extra"]
[Source "ChessBase"]
[SourceDate "1998.07.07"]
[SourceVersion "1"]
[SourceVersionDate "1998.07.07"]
[SourceQuality "1"]
[WhiteTeam "SW Dragons"]
[BlackTeam "Guildford"]
[WhiteTeamCountry "ENG"]
[BlackTeamCountry "ENG"]

1. e4 c5 2. Nf3 e6 3. d3 Nc6 4. Nbd2 d5 5. g3 Nge7 6. Bg2 g6 7. 0-0 Bg7 8. Re1 0-0 9. e5 Qc7 10. Qe2 g5 11. Nxg5 Qxe5 12. Qxe5 Nxe5 13. Nb3 b6 14. d4 cxd4 15. Nxd4 Bd7 16. Ngf3 N5g6 17. h4 e5 18. Nb3 Nc6 19. c3 e4 20. Nfd4 Nce5 21. Bf1 Bg4 22. Nd2 Rac8 23. a4 a5 24. Ra3 Nc6 25. Nxc6 Rxc6 26. Bb5 Rc7 27. c4 Be6 28. f4 f5 29. cxd5 Bxd5 30. Nb1 Bd4+ 31. Kf1 Rc2 32. Rd1 Rfc8 33. Nc3 Bf7 34. Rxd4 Rxc1+ 35. Ke2 Rh1 36. Bd7 Rd8 37. Nb5 Rh2+ 38. Ke1 Ne7 39. Bxf5 Rxd4 40. Nxd4 Nxf5 41. Nxf5 Rxb2 42. Rc3 Be6 43. Nd6 Rb3 44. Nxe4 Rb4 45. Re3 Rxa4 46. Nf6+ Kf7 47. Nxh7 Bg4 48. Ng5+ Kg6 49. Rb3 Rb4 50. Rxb4 axb4 51. Kd2 Bf5 52. Kc1 Kh5 53. Nf7 Be6 54. Ne5 Bf5 55. Kb2 Be6 56. Kc2 Bd5 57. Kd3 Be6 58. Kd2 Bf5 59. Nc4 b5 60. Nd6 Be6 61. f5 Bd5 62. f6 Kg6 63. f7 Kg7 64. h5 1-0

[Event "Wch U18"]
[Site "Yerevan"]
[Date "1997.09.24"]
[Round "4"]
[White "Dyce, Andrew"]
[Black "Shliperman, Igor"]
[Result "0-1"]
[WhiteElo "2150"]
[BlackElo "2410"]
[PlyCount "70"]
[EventDate "1997.09.21"]
[EventType "swiss"]
[EventRounds "11"]
[EventCountry "ARM"]
[SourceTitle "EXT 2008"]
[Source "ChessBase"]
[SourceDate "2007.11.25"]
[SourceVersion "1"]
[SourceVersionDate "2007.11.25"]
[SourceQuality "1"]

1. Na3 d5 2. c4 e6 3. b3 Nf6 4. Bb2 c6 5. Nf3 Bd6 6. g3 0-0 7. Bg2 Qe7 8. Nc2 e5 9. 0-0 e4 10. Nfd4 c5 11. Nb5 d4 12. Nxd6 Qxd6 13. d3 Re8 14. dxe4 Nxe4 15. e3 d3 16. Ne1 d2 17. Bxe4 Rxe4 18. Nf3 Nc6 19. Qxd2 Qh6 20. Qd5 Re7 21. Qxc5 Bh3 22. Rfd1 Bg4 23. Rd6 f6 24. Nh4 Rf7 25. Qd5 Re8 26. Nf5 Qh5 27. Rd7 Bxf5 28. Rxf7 Nb4 29. Rxg7+ Kxg7 30. Qxb7+ Kg6 31. Qxb4 Qf3 32. Qc3 Re6 33. e4 Qxe4 34. Rd1 Qe2 35. Rd4 Bh3 0-1

[Event "BCF-chT 9697 (4NCL)"]
[Site "England"]
[Date "1997.01.25"]
[Round "5.7"]
[White "Dyce, Andrew"]
[Black "Noyce, Robert"]
[Result "1/2-1/2"]
[WhiteElo "2135"]
[BlackElo "2205"]
[PlyCount "38"]
[EventDate "1996.10.??"]
[EventType "team-tourn"]
[EventRounds "12"]
[EventCountry "ENG"]
[SourceTitle "EXT 1999"]
[Source "ChessBase"]
[SourceDate "1998.11.16"]
[SourceVersion "1"]
[SourceVersionDate "1998.11.16"]
[SourceQuality "1"]
[WhiteTeam "SW Dragons"]
[BlackTeam "Wessex"]
[WhiteTeamCountry "ENG"]
[BlackTeamCountry "ENG"]

1. Nf3 d5 2. g3 Bg4 3. Bg2 Nf6 4. 0-0 e6 5. d3 Bd6 6. Nbd2 0-0 7. e4 Nbd7 8. Re1 c6 9. h3 Bxf3 10. Qxf3 Qc7 11. Qe2 dxe4 12. dxe4 e5 13. Nc4 Bc5 14. c3 a6 15. b4 Ba7 16. Be3 Bxe3 17. Qxe3 b5 18. Na5 c5 19. a4 c4 1/2-1/2

[Event "WLS-ch"]
[Site "Cardiff"]
[Date "1997.??.??"]
[Round "4"]
[White "Dyce, Andrew"]
[Black "Richmond, Peter A"]
[Result "1/2-1/2"]
[WhiteElo "2135"]
[BlackElo "2185"]
[PlyCount "42"]
[EventDate "1997.??.??"]
[EventType "swiss"]
[EventRounds "6"]
[EventCountry "WLS"]
[SourceTitle "EXT 2000"]
[Source "ChessBase"]
[SourceDate "1999.11.16"]
[SourceVersion "1"]
[SourceVersionDate "1999.11.16"]
[SourceQuality "1"]

1. e4 d6 2. d4 Nf6 3. Nc3 e5 4. dxe5 dxe5 5. Qxd8+ Kxd8 6. Bc4 Bb4 7. f3 Ke7 8. Nge2 c6 9. Be3 Be6 10. Bxe6 Kxe6 11. 0-0-0 Nbd7 12. a3 Bc5 13. Bxc5 Nxc5 14. Rd2 Rhd8 15. Rhd1 Ke7 16. Rxd8 Rxd8 17. Rxd8 Kxd8 18. Kd2 Ne8 19. Nc1 Nd6 20. b3 Ne6 21. Nd3 f6 1/2-1/2

[Event "BCF-chT 9697 (4NCL)"]
[Site "England"]
[Date "1996.11.24"]
[Round "4.7"]
[White "Bibby, Simon"]
[Black "Dyce, Andrew"]
[Result "0-1"]
[WhiteElo "2250"]
[BlackElo "2135"]
[PlyCount "144"]
[EventDate "1996.10.??"]
[EventType "team-tourn"]
[EventRounds "12"]
[EventCountry "ENG"]
[SourceTitle "EXT 1999"]
[Source "ChessBase"]
[SourceDate "1998.11.16"]
[SourceVersion "1"]
[SourceVersionDate "1998.11.16"]
[SourceQuality "1"]
[WhiteTeam "Invicta Knights Maidstone"]
[BlackTeam "SW Dragons"]
[WhiteTeamCountry "ENG"]
[BlackTeamCountry "ENG"]

1. d4 Nf6 2. Bg5 e6 3. e4 h6 4. Bxf6 Qxf6 5. Nc3 d6 6. Qd2 Nd7 7. Nf3 a6 8. 0-0-0 Qd8 9. h4 c5 10. Kb1 b5 11. dxc5 Nxc5 12. Bd3 Be7 13. g4 Qb6 14. Qe3 Rb8 15. g5 Bd7 16. e5 b4 17. Ne2 Nxd3 18. cxd3 Bc6 19. Qf4 Bxf3 20. Qxf3 dxe5 21. Rhg1 g6 22. h5 Bxg5 23. hxg6 fxg6 24. Qe4 Kf7 25. f4 exf4 26. Nxf4 Bxf4 27. Qxf4+ Kg7 28. Qe5+ Kh7 29. Rh1 Qb7 30. Qxe6 Rhe8 31. Qc4 Qg7 32. d4 a5 33. Rhf1 Re7 34. d5 a4 35. d6 a3 36. Rf2 Rd7 37. Qb3 axb2 38. Rxb2 Qf8 39. Qd3 Rb6 40. Rbd2 Rbxd6 41. Qxd6 Rxd6 42. Rxd6 Qf5+ 43. Kb2 h5 44. R6d4 Qf6 45. Kb3 h4 46. R1d3 Kh6 47. Kxb4 Qb6+ 48. Kc4 Qa6+ 49. Kb4 Qb7+ 50. Kc5 g5 51. a4 Qc8+ 52. Kb6 Kh5 53. a5 h3 54. Rd8 Qe6+ 55. Kb7 g4 56. a6 h2 57. Rd1 Qe4+ 58. Kb8 Qb4+ 59. Ka7 g3 60. Rb8 Qc5+ 61. Ka8 Qg1 62. Rh8+ Kg4 63. Rg8+ Kf5 64. Rxg1 hxg1Q 65. Rxg3 Qxg3 66. a7 Ke6 67. Kb7 Kd7 68. a8Q Qb3+ 69. Ka6 Qa4+ 70. Kb7 Qb5+ 71. Ka7 Kc7 72. Qf3 Qa5# 0-1

[Event "WLS-ch"]
[Site "Cardiff"]
[Date "1996.??.??"]
[Round "2"]
[White "Brown, Timothy G"]
[Black "Dyce, Andrew"]
[Result "0-1"]
[WhiteElo "2195"]
[BlackElo "2115"]
[PlyCount "72"]
[EventDate "1996.??.??"]
[EventType "swiss"]
[EventRounds "6"]
[EventCountry "WLS"]
[SourceTitle "EXT 2000"]
[Source "ChessBase"]
[SourceDate "1999.11.16"]
[SourceVersion "1"]
[SourceVersionDate "1999.11.16"]
[SourceQuality "1"]

1. e4 g6 2. d4 Nf6 3. Nc3 d5 4. e5 Nh5 5. g4 Ng7 6. Bg2 c6 7. h3 h5 8. f3 Nd7 9. Nge2 b5 10. Nf4 e6 11. Be3 Nb6 12. Bf1 Qc7 13. Nd3 Be7 14. Nf2 a6 15. f4 c5 16. dxc5 Bxc5 17. Bd4 Nd7 18. Ne2 hxg4 19. hxg4 Rxh1 20. Nxh1 g5 21. Bxc5 Qxc5 22. Qd2 gxf4 23. Qxf4 Qxc2 24. Qh6 Qxb2 25. Qh8+ Nf8 26. Qxg7 Qxa1+ 27. Kf2 Ng6 28. Nhg3 Qxe5 29. Qh6 Bd7 30. Nh5 Ke7 31. Qc1 Rc8 32. Qa3+ Qd6 33. Qf3 e5 34. Neg3 Rc2+ 35. Kg1 e4 36. Qe3 Qc5 0-1

[Event "Wch U16"]
[Site "Menorca"]
[Date "1996.??.??"]
[Round "10"]
[White "Dyce, Andrew"]
[Black "Batzorig, Tuvshintogs"]
[Result "0-1"]
[WhiteElo "2135"]
[BlackElo "2185"]
[PlyCount "84"]
[EventDate "1996.??.??"]
[EventType "swiss"]
[EventRounds "11"]
[EventCountry "ESP"]
[SourceTitle "Juniors"]
[Source "ChessBase"]
[SourceDate "1999.07.01"]
[SourceVersion "1"]
[SourceVersionDate "1999.07.01"]
[SourceQuality "1"]

1. Nf3 d5 2. g3 c6 3. Bg2 Bg4 4. d3 Nd7 5. 0-0 e5 6. e4 Be7 7. Nbd2 Ngf6 8. Re1 d4 9. c4 Nc5 10. Qc2 Nfd7 11. h3 Bh5 12. b4 Ne6 13. c5 Bxf3 14. Bxf3 a5 15. Bg4 axb4 16. Bxe6 fxe6 17. Nb3 b5 18. cxb6 Qxb6 19. Qc4 c5 20. f4 Qa6 21. Nd2 0-0 22. Qxa6 Rxa6 23. Nc4 exf4 24. gxf4 Rfa8 25. a3 Nb6 26. Ne5 Bf6 27. Nf3 bxa3 28. Re2 Na4 29. Rc2 Nc3 30. Bd2 Rb8 31. Bxc3 dxc3 32. e5 a2 33. Rcxa2 Rxa2 34. Rxa2 Bd8 35. Rc2 Rb1+ 36. Kf2 Rb2 37. Rxb2 cxb2 38. Nd2 Ba5 39. Nb1 Kf7 40. Kf3 Kg6 41. Ke4 Bb4 42. h4 h5 0-1

[Event "Faber Cup"]
[Site "Glenalmond"]
[Date "1996.??.??"]
[Round "4"]
[White "Dyce, Andrew"]
[Black "Sheldon, Ruth"]
[Result "0-1"]
[WhiteElo "2115"]
[BlackElo "2230"]
[PlyCount "66"]
[EventDate "1996.??.??"]
[EventType "team-swiss"]
[EventRounds "5"]
[EventCountry "WLS"]
[SourceTitle "EXT 1997"]
[Source "ChessBase"]
[SourceDate "1996.11.15"]
[SourceVersion "1"]
[SourceVersionDate "1996.11.15"]
[SourceQuality "1"]

1. d4 Nf6 2. Nf3 g6 3. Bg5 Bg7 4. Nbd2 0-0 5. e4 d6 6. Bd3 Nbd7 7. 0-0 e5 8. c3 c6 9. Rc1 Qc7 10. Nc4 Re8 11. dxe5 Nxe5 12. Nfxe5 dxe5 13. f4 h6 14. fxe5 Ng4 15. Bf4 Nxe5 16. Nxe5 Bxe5 17. Qf3 Be6 18. Bb1 Rad8 19. Bxe5 Qxe5 20. Rcd1 h5 21. Bc2 Qb5 22. b3 Rxd1 23. Bxd1 Rd8 24. Be2 Qa5 25. Qg3 Rd2 26. Bf3 Kh8 27. b4 Qb6+ 28. Kh1 Qb5 29. Re1 Rxa2 30. Qh4 Qe5 31. Rc1 Qxc3 32. Rd1 Qe5 33. h3 Ra1 0-1

[Event "Glorney Cup"]
[Site "Glenalmond"]
[Date "1996.??.??"]
[Round "2"]
[White "Janssen, Ruud"]
[Black "Dyce, Andrew"]
[Result "1-0"]
[WhiteElo "2270"]
[BlackElo "2115"]
[PlyCount "59"]
[EventDate "1996.??.??"]
[EventType "swiss"]
[EventRounds "5"]
[EventCountry "WLS"]
[SourceTitle "EXT 1997"]
[Source "ChessBase"]
[SourceDate "1996.11.15"]
[SourceVersion "1"]
[SourceVersionDate "1996.11.15"]
[SourceQuality "1"]

1. c4 e6 2. Nc3 Bb4 3. Nf3 Nf6 4. Qb3 Be7 5. e4 d6 6. d4 Nbd7 7. Be2 c5 8. e5 dxe5 9. dxe5 Ng4 10. Bf4 g5 11. Bg3 h5 12. h3 Nh6 13. Bd3 Nf5 14. Bxf5 exf5 15. 0-0-0 Rh6 16. Qc2 f4 17. Bh2 Rg6 18. g3 g4 19. hxg4 hxg4 20. gxf4 gxf3 21. Bg3 Qa5 22. f5 Rg4 23. Rh8+ Bf8 24. e6 Nf6 25. Bd6 Ng8 26. Nb5 Qxa2 27. Nc7+ Kd8 28. Be5+ Ke7 29. f6+ Nxf6 30. Bd6+ 1-0